00984nam a2200265Ia 4500003000400000005001700004008004100021020001800062040001800080041000800098082002300106100003000129245010900159250000600268260004900274300003200323650003400355650003100389650003100420700003000451700003100481942003000512999001900542952015700561OSt20220218141419.0210716s1993 xx 000 0 und d a9788131517055 cAIMIT LIBRARY aeng a519.5 211thbANDD aAnderson, David R.920915 aStatistics for business and economics /cBy David R Anderson; Dennis J. Sweeney and Williams, Thomas A. a1 aNew York :bWest publishing company ,c1993. axxviii,851,I-12p. ;c25 cm. aDescriptive statistics920916 aInterval estimation920917 aMultiple regression920918 aSweeney, Dennis J.920919 aWilliams, Thomas A.920920 2ddccBKe11thk519.5 ANDD c193191d193191 00102ddc40708MCAaAIMITbAIMITeHigginbothams Pvt LtdiBill no:540; Bill dt:2013-04-03l0o519.5 ANDDpMCA12699r2025-07-21 00:00:00w2021-07-16yBK